Statistics for Doja - Central Cee - All Lyrics

Click here to take the quiz!

General Stats

  • This quiz has been taken 35 times
  • The average score is 264 of 328

Answer Stats

Answer% Correct
be
100%
bitch
100%
can
100%
gay
100%
gay)
100%
Ho-ho-how
100%
homophobic?
100%
How
100%
I
100%
is
100%
My
100%
(My
100%
my
100%
a
96%
bruddas
96%
but
96%
(But
96%
don't
96%
even
96%
huh
96%
love
96%
man
96%
swing
96%
that
96%
The
96%
the
96%
them
96%
them,
96%
way
96%
(Way)
96%
and
92%
And
92%
Huggin'
92%
In
92%
in
92%
say
92%
stick
92%
try
92%
I'm
88%
on
88%
See
88%
see
88%
So
88%
so
88%
tell
88%
top,
88%
Cat
85%
day
85%
Doja
85%
Eid,
85%
Hit
85%
mandem
85%
Somebody
85%
topless,
85%
tryna
85%
celebrate
81%
Christmas
81%
indulge
81%
runnin'
81%
still
81%
you,
81%
you
81%
me
77%
trap
77%
about
73%
back)
73%
back
73%
'bout
73%
it
73%
it,
73%
know
73%
(When
73%
when
73%
clap
69%
life)
69%
life
69%
motion
69%
valuе
69%
value
69%
at
65%
doin'
65%
females
65%
plannin'
65%
These
65%
throwin'
65%
wrong
65%
die
62%
(Die)
62%
go
62%
grey
62%
imagine
62%
let
62%
Ms
62%
outta
62%
pack
62%
Post
62%
tracksuit,
62%
Trojan
62%
where
62%
fuck
58%
location
58%
out
58%
you're
58%
after
54%
(Alright)
54%
attend
54%
been
54%
Been
54%
bulge
54%
Can’t
54%
hundred
54%
if
54%
Like
54%
made
54%
much
54%
party,
54%
slip
54%
there,
54%
we're
54%
would
54%
yet
54%
ain't
50%
attendant,
50%
Cardi
50%
done
50%
flight
50%
fuckin'
50%
genre
50%
gone
50%
gotta
50%
Gotta
50%
have
50%
kick
50%
mention
50%
might
50%
name
50%
rap
50%
UK
50%
wonder
50%
did
46%
'dom
46%
drill,
46%
for
46%
heard
46%
sometimes
46%
take
46%
talk
46%
There’s
46%
things
46%
under
46%
grabbin'
42%
month
42%
never
42%
or
42%
prospered?
42%
risks
42%
won't
42%
would've
42%
Absence
38%
Floatin'
38%
town
38%
grow
35%
fonder
31%
'Causе
0%

Score Distribution

Percentile by Number Answered

Percent of People with Each Score

Your Score History

You have not taken this quiz